Galway Top Scorer 2024 - Statistics

General Stats
  • This quiz has been taken 2 times
  • The average score is 9 of 19
Answer Stats
N Player P G Total % Correct
10 Damien Comer 0 5 5
100%
10 John Maher 0 5 5
100%
3 Paul Conroy 2 16 22
100%
1 Robert Finnerty 1 34 37
100%
2 Shane Walsh 1 28 31
100%
13 Cathal Sweeney 1 1 4
50%
4 Cein D'Arcy 2 9 15
50%
13 Connor Gleeson 0 4 4
50%
9 Dylan McHugh 0 6 6
50%
5 Johnny Heaney 0 8 8
50%
7 Matthew Tierney 0 7 7
50%
7 Tomó Culhane 2 1 7
50%
18 Cian Hernon 0 1 1
0%
5 Cillian McDaid 0 8 8
0%
13 Cillian Ó Curraoin 0 4 4
0%
16 John Daly 0 3 3
0%
17 Kieran Molloy 0 2 2
0%
18 Liam Ó Conghaile 0 1 1
0%
10 Liam Silke 0 5 5
0%
No matching quizzes found
Score Distribution
Percent of People with Each Score
Percentile by Number Answered
Your Score History
You have not taken this quiz